Coke vs Pepsi - Statistics

General Stats
  • This quiz has been taken 20 times
    6 since last reset
  • The average score is 9 of 15
Answer Stats
Question Answer % Correct
Wendy's Coke
83%
Popeyes Coke
83%
McDonald's Coke
83%
Pizza Hut Pepsi
83%
Burger King Coke
67%
Culver's Coke
67%
Five Guys Coke
67%
Chick-fil-A Coke
67%
Arby's Coke
50%
Subway* Pepsi
50%
Taco Bell Pepsi
50%
Costco* Coke
33%
Buffalo Wild Wings Pepsi
33%
Red Lobster Pepsi
33%
KFC Pepsi
17%
No matching quizzes found
Score Distribution
Percent of People with Each Score
Percentile by Number Answered
Your Score History
You have not taken this quiz since the last reset